Представление документа в формате RUSMARC

ПолеНазваниеЗначение
  Тип записи a
  Библиографический уровень m
001 Контрольный номер RuMoRGB-006671132
005 Дата корректировки 20201206204917.1
010 Индекс ISBN __
a ISBN 978-5-905904-12-7 (в обл.)
d Цена 80-00
100 Данные общей обработки __
a Данные общей обработки 19140630d2003||||||| 0rusy0189 ca
101 Язык документа 0_
a Язык текста rus
102 Страна публикации __
a Страна публикации ru
105 Кодированные данные (монография) __
a Кодированные данные (монография) yo||||||000zy
200 Заглавие и сведения об ответственности 1_
a Заглавие Тарханы
e Сведения, относящиеся к заглавию [путеводитель : 6+]
f Первые сведения об ответственности [автор В. П. Ульянова ; фото С. И. Верхов, В. И. Иващенко ; редактор Т. М. Медведовская ; Федеральное государственное бюджетное учреждение культуры "Лермонтовский музей-заповедник "Тарханы"]
b Общее обозначение материала Текст
210 Выходные данные __
a Место издания Тула
c Издательство Верхов С. И.
d Дата издания 2013
215 Физическое описание __
a Объем 47, [1] с.
c Иллюстрации/тип воспроизводства цв. ил.
d Формат 24 см
300 Общие примечания __
a Общие примечания Посвящ. 200-летию со дня рождения Михаила Юрьевича Лермонтова
300 Общие примечания __
a Общие примечания Тираж не указан
330 Аннотация __
a Аннотация Уголок России - степное пензенское село Тарханы. Здесь прошли детские и отроческие годы великого русского поэта Михаила Юрьевича Лермонтова, половина его короткой, 27-летней жизни. Вновь и вновь Лермонтов мысленно возвращался к родным местам и вспоминал, "и отца, и дом родной, и высокие качели, и пруд, обсаженный ветлами".
600 Персоналии __
a Персоналии (Фамилия) Лермонтов, М. Ю.
c Дополнение к имени поэт
f Даты 1814-1841
g Полное имя Михаил Юрьевич
600 Персоналии __
a Персоналии (Фамилия) Арсеньева, Е. А.
f Даты 1773-1845
g Полное имя Елизавета Алексеевна
601 Наименование организации как предмет __
a Наименование организации как предмет Тарханы, Лермонтовский музей-заповедник
601 Наименование организации как предмет __
a Наименование организации как предмет Государственный Лермонтовский музей-заповедник "Тарханы"
601 Наименование организации как предмет __
a Наименование организации как предмет Федеральное государственное бюджетное учреждение культуры "Лермонтовский музей-заповедник "Тарханы"
601 Наименование организации как предмет __
a Наименование организации как предмет Лермонтовский музей-заповедник "Тарханы", Федеральное государственное бюджетное учреждение культуры
606 Тематические рубрики __
a Основная рубрика Литературоведение
606 Тематические рубрики __
a Основная рубрика Русская литература XIX в.
610 Ключевые слова __
a Ключевые слова биографии
a Ключевые слова биографические материалы
a Ключевые слова биографические сведения
a Ключевые слова лермонтоведение
a Ключевые слова литературные музеи
a Ключевые слова музеи-заповедники
a Ключевые слова персоналии
a Ключевые слова писатели
a Ключевые слова поэты
686 Индексы других классификаций __
2 Код системы rubbks
a Классификационный индекс 83.3(2=411.2)52-8л611; ст83.3(2Рос=Рус)1л6
700 Автор _1
a Фамилия Ульянова
b Имя В. П.
4 Код отношения 070
702 Вторичная интеллектуальная ответственность _1
a Фамилия Верхов
b Имя С. И.
4 Код отношения Фотограф
4 Код отношения 600
702 Вторичная интеллектуальная ответственность _1
a Фамилия Иващенко
b Имя В. И.
4 Код отношения Фотограф
4 Код отношения 600
702 Вторичная интеллектуальная ответственность _1
a Фамилия Медведовская
b Имя Т. М.
4 Код отношения Редактор
4 Код отношения 340
711 Наименование организации. (Альтернативная ответственность) __
a Организация/ юрисдикция Государственный Лермонтовский музей-заповедник "Тарханы"
801 Источник записи _0
a Страна ru
b Организация Муниципальное бюджетное учреждение культуры "Централизованная библиотечная система" г. Сургут (Центральная городская библиотека им. А. С. Пушкина)
c Дата составления 20140630
g Правила каталогизации КиК/Лукашук
801 Источник записи _1
a Страна ru
b Организация Муниципальное бюджетное учреждение культуры "Централизованная библиотечная система" г. Сургут (Центральная городская библиотека им. А. С. Пушкина)
c Дата составления 20140630
g Правила каталогизации КиК/Лукашук
852 Данные о местонахождении __
j Шифр хранения 83.3(2=411.2)52-8л611
i Авторский знак У 51
901 Тип документа __
t Тип документа m
903 Характеристики (МАРС) __
a Дата передачи 20140630; 20140415
969 Тип издания __
a Тип издания путеводитель; брошюра
990 Данные о заказе (DOS) __
j Количество экземпляров (DOS) 2; 1
t N записи в КСУ для И/У (DOS) 201407; 201404